The Peter F. Drucker reader : Selected articles from the father of modern management thinking

Peter Drucker revolutionized management thinking before there was management thinking. For nearly half a century he inspired and educated managers--and powerfully shaped the nature of business--with his landmark articles in Harvard Business Review. Through Drucker's unique lens, this volume pre...

全面介紹

Đã lưu trong:
書目詳細資料
主要作者: Drucker, Peter F.
格式: 圖書
語言:Undetermined
出版: Boston Harvard Business Review Press 2017
主題:
標簽: 添加標簽
沒有標簽, 成為第一個標記此記錄!
Thư viện lưu trữ: Trung tâm Học liệu Trường Đại học Cần Thơ
LEADER 01421nam a2200217Ia 4500
001 CTU_236318
008 210402s9999 xx 000 0 und d
082 |a 658 
082 |b D794 
100 |a Drucker, Peter F. 
245 4 |a The Peter F. Drucker reader : 
245 0 |b Selected articles from the father of modern management thinking 
245 0 |c Peter F. Drucker 
260 |a Boston 
260 |b Harvard Business Review Press 
260 |c 2017 
520 |a Peter Drucker revolutionized management thinking before there was management thinking. For nearly half a century he inspired and educated managers--and powerfully shaped the nature of business--with his landmark articles in Harvard Business Review. Through Drucker's unique lens, this volume presents a rare opportunity to trace the evolution of the great shifts in organizations and to grasp more firmly the role of managers in the ongoing effort to balance change with continuity. The book also offers managers and executives a collection of best practices as well as introspective questions that will help them improve as organizational leaders. Infused with a perspective that holds new relevance today, these selections reveal a celebrated thinker at his best. 
650 |a Industrial management,Quản trị công nghiệp 
650 |x History,Lịch sử 
910 |b dqhieu 
980 |a Trung tâm Học liệu Trường Đại học Cần Thơ